| 000 | 00697nam a2200205 i 4500 | ||
|---|---|---|---|
| 001 | 185906 | ||
| 003 | ES-MaACL | ||
| 005 | 20230906222537.0 | ||
| 008 | 160822s1925 sp |||| | spa d | ||
| 100 | 1 |
_aFrobenius, Leo ( _d1873-1938) _952709 |
|
| 245 | 1 | 3 |
_aEl decamerón negro / _cpor León Frobenius. |
| 260 |
_aMadrid : _bRevista de Occidente, _c1925. |
||
| 300 |
_a210 p., [5] h. de lám. col. ; _c18 cm. |
||
| 490 | 1 |
_aMusas lejanas. Mitos, cuentos, leyendas ; _v1 |
|
| 650 | 4 |
_aCuentos populares- _zÁfrica. _9160526 |
|
| 650 | 4 |
_aLeyendas- _zÁfrica. _9160527 |
|
| 830 | 1 |
_aMusas lejanas. Mitos, cuentos, leyendas ; _v1 _9192435 |
|
| 852 |
_aES-MaACL _jC-13749 |
||
| 999 |
_c185906 _d185906 |
||